| 000 | 02419nam a2200337 a 4500 | ||
|---|---|---|---|
| 001 | BRCA_5166 | ||
| 005 | 20190320204952.0 | ||
| 008 | 231110s1741----mx-######v---#000-0#spa-# | ||
| 041 | _aspa | ||
| 044 | _amx | ||
| 084 |
_aDOC122 _b.E38 _c1741 |
||
| 100 | 1 |
_aEguiara y Eguren, Juán Joseph de _d1695-1763 _913213 |
|
| 245 | 1 | 0 |
_aDocumento firmado por Juán Joseph de Eguiara y Eguren y Don Ignacio Bartolomé de Parra acusando al Padre Joseph Andrés Fernández _cJuán Joseph de Eguiara y Eguren ... [et al.]. |
| 260 |
_aSan Luis de la Paz, México _c1741 |
||
| 300 |
_a[28] fojas _c32 x 22cm |
||
| 500 | _aDocumento firmado en 1741 | ||
| 500 | _aEl señor inquisidor Fiscal del Santo Oficio de México, se dirige al Padre Andrés Fernández, Profeso de Cuarto Voto de la Compañía de Jesús y Superior actual del Hospicio de la Villa de León, acusado por el padre Joseph María Monaco, profeso de cuarto Voto de la Compañía de la Nación Italiana de haber dicho: ´Aunque de suyo es malo decir misa en pecado mortal; de suyo más se agrada a Dios de la obra tan grande que es el Santo Sacrificio de la Misa, de lo que se desagrada de la indignidad del Ministro; y más antes la diría que dejarla, de dar a Dios, obsequio tan grande o que privar a las ánimas de aquél sufragio. Antes quiero que me cojan en un pecado contra el sexto, en una fortificación o en adulterio que en dicha mentira leve.´ Presenta análisis muy interesante del derecho Canónico con citas en latín del estudio de estas faltas, firmadas por Don Juán Joseph de Eguiara y Eguren y Don Ignacio Bartolomé de Parra | ||
| 500 | _aEl documento contiene la leyenda DOC. #290 | ||
| 500 | _aPapel con marca de agua | ||
| 500 | _aEstado de conservación: contiene acidificación, roturas por rasgos de polilla, márgenes maltratados | ||
| 506 | 0 | _aFondo reservado: para su consulta es necesario credencial de usuario y carta de motivos | |
| 546 | _aTexto en: español de mediados del siglo XVIII | ||
| 600 | 1 | 4 |
_aEguiara y Eguren, Juán Joseph de _d1695-1763 _913213 |
| 650 | 1 | 4 |
_aDocumentos legales _vManuscrito _xHistoria _912460 |
| 651 | 4 |
_aMéxico _xInquisición Santo Oficio _913214 |
|
| 700 | 1 |
_aParra, Ignacio Bartolomé de _cPadre _913215 |
|
| 700 | 1 |
_aMonaco, Joseph María _cMisionero _d1704-1744 _913216 |
|
| 700 | 1 |
_aFernández de Ipenza, Andrés _cPadre e inquisidor _d[?-1643] _913217 |
|
| 902 | _aFDH | ||
| 942 |
_2lcc _cD |
||
| 999 |
_c4860 _d4860 |
||